000
00291nam a2200121Ia 4500
005
20251222154406.0
008
251222s9999||||xx |||||||||||||| ||spa||
020
_a
84-8238-338-8
082
_a
659.1/G22
100
_a
"García, Manuel M."
245
0
_a
Las relaciones públicas
942
_c
LIB
999
_c
35497
_d
35497